L'imposture ecologiste
Αποθηκεύτηκε σε:
| Κύριος συγγραφέας: | |
|---|---|
| Μορφή: | Βιβλίο |
| Γλώσσα: | French |
| Δημοσίευση: |
Montpellier :
Reclus,
1993
|
| Σειρά: | Geographiques
|
| Θέματα: | |
| Ετικέτες: |
Προσθήκη ετικέτας
Δεν υπάρχουν, Καταχωρήστε ετικέτα πρώτοι!
|
MARC
| LEADER | 00000nam a2200000 i 4500 | ||
|---|---|---|---|
| 001 | 1/8282 | ||
| 008 | 940704s1993 fre d | ||
| 020 | |z 2-86912-051-9 | ||
| 035 | |l 10017036 | ||
| 040 | |a GR-MY-UA |b gre |e aacr | ||
| 041 | 0 | |a fre | |
| 082 | 0 | |a 574.5 | |
| 100 | 1 | |a Pelletier, Philippe. | |
| 245 | 1 | 0 | |a L'imposture ecologiste / |c Philippe Pelletier |
| 260 | |a Montpellier : |b Reclus, |c 1993 | ||
| 300 | |a 205 p. | ||
| 490 | 1 | |a Geographiques | |
| 650 | 0 | 0 | |a Ecology. |
| 650 | 0 | 0 | |a Ecology |x Social aspects. |
| 830 | 0 | |a Geographiques | |
| 852 | |a INST |b LESVOS |e 19940704 |h 574.5 PEL |p 005100009035 |q 005100009035 |t BK |y 0 | ||
| 909 | |a Λ |b 035639 | ||
| 922 | |a 1ΕΛΗ |b 199407 |c 155/ΣΠΙΛΑΝΗΣ | ||
| 950 | |a 155-1994-04-11 | ||
| 970 | |z 1999/08/30 |a ΚΑΜΑΤΣΟΥ |b ΔΕΣΠΟΙΝΑ | ||